[Event "Titled Tue 10th Jun Late"]
[Site "chess.com INT"]
[Date "2025.06.10"]
[Round "4"]
[White "Rajaram, Rohan"]
[Black "Danila, Tudor-Gabriel"]
[Result "1-0"]
[WhiteTitle "CM"]
[BlackTitle "CM"]
[WhiteElo "2164"]
[BlackElo "2178"]
[WhiteFideId "30940729"]
[BlackFideId "1274244"]
[EventDate "2025.06.10"]

1. Nf3 Nf6 2. e3 c5 3. c4 d5 4. cxd5 Nxd5 5. d4 cxd4 6. exd4 a6 7. Nc3 Nc6 8.
Bc4 Nxc3 9. bxc3 Bf5 10. O-O e6 11. Bd3 Bxd3 12. Qxd3 Be7 13. Rb1 b5 14. a4 bxa4
15. Qc4 Qd7 16. Qxa4 O-O 17. Bf4 Rfc8 18. Rb6 a5 19. Rfb1 h6 20. h3 Bd6 21. Bxd6
Qxd6 22. Ne5 Qd5 23. Nxc6 Re8 24. R1b5 Qe4 25. Re5 Qf4 26. Re3 Kh8 27. Rf3 Qc1+
28. Kh2 Kg8 29. Ne5 Re7 30. Qc6 Rd8 31. Rb7 Rxb7 32. Qxb7 f6 33. Qf7+ Kh8 34.
Ng6+ Kh7 35. Nf8+ Kh8 36. Rg3 Rd7 1-0

[Event "Titled Tue 10th Jun Late"]
[Site "chess.com INT"]
[Date "2025.06.10"]
[Round "4"]
[White "Kosteniuk, Alexandra"]
[Black "Montano Vicente, Guadalupe"]
[Result "1-0"]
[WhiteTitle "GM"]
[WhiteElo "2474"]
[BlackElo "1938"]
[WhiteFideId "4128125"]
[BlackFideId "5181399"]
[EventDate "2025.06.10"]

1. e4 c5 2. d4 cxd4 3. Qxd4 Nc6 4. Qd3 g6 5. Nc3 Bg7 6. Nf3 d6 7. Be2 Nf6 8. O-O
O-O 9. Nd5 Nxd5 10. exd5 Ne5 11. Nxe5 dxe5 12. c4 Bf5 13. Qb3 Rb8 14. Be3 a6 15.
Rfd1 e4 16. c5 h5 17. Rac1 Be5 18. Bd4 Bxd4 19. Rxd4 h4 20. Qe3 Qd7 21. h3 Kg7
22. b3 Rbc8 23. Qc3 f6 24. c6 Qd6 25. Rdd1 Qf4 26. Qe3 Qb8 27. Qb6 bxc6 28. Qxb8
Rxb8 29. dxc6 Rfc8 30. Bxa6 Rc7 31. Bb7 e3 32. fxe3 Be4 33. Rc4 1-0

[Event "Titled Tue 10th Jun Late"]
[Site "chess.com INT"]
[Date "2025.06.10"]
[Round "4"]
[White "Paravyan, David"]
[Black "Bach, Matthias"]
[Result "1-0"]
[WhiteTitle "GM"]
[BlackTitle "FM"]
[WhiteElo "2589"]
[BlackElo "2206"]
[WhiteFideId "4194985"]
[BlackFideId "4603168"]
[EventDate "2025.06.10"]

1. d4 Nf6 2. Nc3 c5 3. d5 d6 4. e4 g6 5. f4 Bg7 6. Bb5+ Bd7 7. a4 O-O 8. Nf3 Bg4
9. O-O a6 10. Be2 Ne8 11. Kh1 Nc7 12. a5 Nd7 13. h3 Bxf3 14. Rxf3 b5 15. axb6
Nxb6 16. f5 e6 17. fxe6 fxe6 18. Rxf8+ Qxf8 19. dxe6 Nxe6 20. Nd5 Nd7 21. c3 Ne5
22. Be3 Kh8 23. Qd2 Qb8 24. Rf1 Qb3 25. Bh6 Rf8 26. Rxf8+ Nxf8 27. Bxg7+ Kxg7
28. Qg5 Nfd7 29. Qe7+ Kh6 30. g4 g5 31. Qxd6+ Kg7 32. Qe7+ Kg6 33. Qd6+ Kg7 34.
Qe7+ Kg6 35. h4 gxh4 36. Qd6+ Kg7 37. g5 Qxb2 38. Qe7+ Kg6 39. Nf4# 1-0

[Event "Titled Tue 10th Jun Late"]
[Site "chess.com INT"]
[Date "2025.06.10"]
[Round "4"]
[White "Kislinsky, Alexey"]
[Black "Andrade, Ivan"]
[Result "1/2-1/2"]
[WhiteTitle "GM"]
[BlackTitle "FM"]
[WhiteElo "2341"]
[BlackElo "2144"]
[WhiteFideId "14108801"]
[BlackFideId "14800039"]
[EventDate "2025.06.10"]

1. d4 Nf6 2. c4 e6 3. Nf3 b6 4. g3 Ba6 5. Nbd2 Be7 6. Bg2 Bb7 7. O-O O-O 8. b3
d6 9. Bb2 Nbd7 10. Qc2 Rb8 11. e4 e5 12. dxe5 dxe5 13. Nxe5 Nxe5 14. Bxe5 Nd7
15. Bc3 Bf6 16. Rad1 Qe7 17. Rfe1 Bxc3 18. Qxc3 a5 19. f4 Rbd8 20. e5 Bxg2 21.
Kxg2 Nc5 22. Nf3 Qe6 23. Rd4 Qc6 24. Red1 Ne6 25. Rxd8 Rxd8 26. Rxd8+ Nxd8 27.
Qd4 Ne6 28. Qd5 Qe8 29. Nd4 Nxd4 30. Qxd4 g6 31. Qd5 a4 32. g4 axb3 33. axb3 c6
34. Qd6 b5 35. c5 Qc8 36. Kg3 b4 37. h3 Qa6 38. Kh4 h6 39. e6 Qe2 40. exf7+ Kxf7
41. Qc7+ Kf8 42. Qd8+ Kf7 43. Qd7+ Kf8 44. Qd6+ Kf7 45. Qc7+ Kf8 46. Qd6+ Kf7 1/2-1/2

[Event "Titled Tue 10th Jun Late"]
[Site "chess.com INT"]
[Date "2025.06.10"]
[Round "4"]
[White "Sturt, Raven"]
[Black "Le, Tuan Minh"]
[Result "0-1"]
[WhiteTitle "GM"]
[BlackTitle "GM"]
[WhiteElo "2459"]
[BlackElo "2598"]
[WhiteFideId "2007304"]
[BlackFideId "12401153"]
[EventDate "2025.06.10"]

1. f4 c5 2. Nf3 Nf6 3. e3 g6 4. b3 Bg7 5. Bb2 O-O 6. a4 Nc6 7. Bb5 d6 8. O-O Bd7
9. d3 e5 10. Bxc6 Bxc6 11. fxe5 Ng4 12. Qe2 Nxe5 13. Nxe5 dxe5 14. Nd2 f5 15.
Nc4 Qe7 16. e4 f4 17. Qf2 Rac8 18. Ba3 Bd7 19. Rab1 Be6 20. Bb2 Bf7 21. Bc3 b6
22. g3 g5 23. gxf4 exf4 24. Bxg7 Kxg7 25. Qg2 Kh8 26. Kh1 Be6 27. Rg1 g4 28. Ne5
Rg8 29. Qd2 Rcf8 30. Rbf1 Qg7 31. Nxg4 Bxg4 32. h3 Bf3+ 33. Kh2 Qd4 34. c3 Rxg1
35. Rxf3 Qg7 0-1

[Event "Titled Tue 10th Jun Late"]
[Site "chess.com INT"]
[Date "2025.06.10"]
[Round "4"]
[White "Ivanov, Andrey A."]
[Black "Gutierrez Carmona, Juan Alejandro"]
[Result "1/2-1/2"]
[WhiteTitle "CM"]
[BlackTitle "FM"]
[WhiteElo "2120"]
[BlackElo "2036"]
[WhiteFideId "2514311"]
[BlackFideId "5106770"]
[EventDate "2025.06.10"]

1. Nf3 Nf6 2. d4 d5 3. c4 e6 4. Nc3 h6 5. cxd5 exd5 6. g3 c6 7. Bg2 Be7 8. O-O
O-O 9. Bf4 Nbd7 10. Rc1 Re8 11. a3 a5 12. h4 Nf8 13. Ne5 Bf5 14. Qb3 Ra7 15. Na4
Ne6 16. Be3 Bd6 17. Nd3 Ng4 18. Nac5 Bxc5 19. Nxc5 Nxc5 20. Rxc5 Nxe3 21. fxe3
Be4 22. Bxe4 Rxe4 23. Rf3 Re6 24. Qd3 b6 25. Rc3 Rae7 26. b4 axb4 27. axb4 Qd6
28. Kg2 Qxb4 29. Rb3 Qa5 30. Ra3 Qb4 31. Rb3 Qa5 32. Ra3 Qb4 33. Rb3 1/2-1/2

[Event "Titled Tue 10th Jun Late"]
[Site "chess.com INT"]
[Date "2025.06.10"]
[Round "4"]
[White "Yeganegi, Barad"]
[Black "Marchand, Calix"]
[Result "1-0"]
[WhiteTitle "FM"]
[WhiteElo "2400"]
[BlackElo "2108"]
[WhiteFideId "42516340"]
[BlackFideId "2640856"]
[EventDate "2025.06.10"]

1. Nf3 d5 2. d4 c6 3. g3 h6 4. Bg2 Nf6 5. O-O Bf5 6. c4 e6 7. Nc3 Nbd7 8. Nd2
Be7 9. e4 dxe4 10. Ndxe4 O-O 11. Nxf6+ Nxf6 12. Be3 Qd7 13. Qb3 Ng4 14. Rad1
Nxe3 15. fxe3 Bg4 16. Rd2 Bg5 17. Ne4 Be7 18. Nf2 Bh5 19. Nd3 Rad8 20. Ne5 Qc7
21. g4 Bd6 22. gxh5 Bxe5 23. Be4 f5 24. Bc2 f4 25. Rg2 f3 26. Qd3 Rf7 27. Qh7+
Kf8 28. Rgf2 Bd6 29. Rxf3 Bxh2+ 30. Kg2 Qe7 31. Rxf7+ Qxf7 32. Rxf7+ Kxf7 33.
Kxh2 c5 34. Qg6+ Kf8 35. Qxe6 cxd4 36. Bg6 Rd7 37. Qxd7 1-0

[Event "Titled Tue 10th Jun Late"]
[Site "chess.com INT"]
[Date "2025.06.10"]
[Round "4"]
[White "Antoniou, Rafail"]
[Black "Kilic, Eray"]
[Result "0-1"]
[WhiteTitle "CM"]
[BlackTitle "IM"]
[WhiteElo "2134"]
[BlackElo "2474"]
[WhiteFideId "5904390"]
[BlackFideId "44517173"]
[EventDate "2025.06.10"]

1. e4 e5 2. Nf3 d5 3. Nxe5 Bd6 4. d4 dxe4 5. Bc4 Bxe5 6. Qh5 Qe7 7. Qxe5 Qxe5 8.
dxe5 Nc6 9. Bb5 Bd7 10. Nc3 Nxe5 11. Bxd7+ Nxd7 12. Bf4 O-O-O 13. O-O-O Ngf6 14.
Nb5 a6 15. Nxc7 Nh5 16. Bd6 Nb6 17. Rd4 Rxd6 18. Rxd6 Kxc7 19. Rd4 Re8 20. Re1
Nf6 21. f3 exf3 22. Rxe8 Nxe8 23. gxf3 Nf6 24. Kd2 Nbd7 25. f4 Nc5 26. f5 Nce4+
27. Ke3 Nd6 28. Kf4 b5 29. b3 Kc6 30. Rd1 Nd5+ 31. Ke5 f6+ 32. Ke6 Nf4+ 33. Ke7
Nxf5+ 34. Kf7 Ne3 35. Re1 Nfg2 36. Re2 Kd5 37. Kxg7 f5 38. Kxh7 Ke4 39. Kg6 Nf4+
40. Kg5 Nxe2 41. h4 f4 42. h5 Nf5 43. h6 Nxh6 0-1

[Event "Titled Tue 10th Jun Late"]
[Site "chess.com INT"]
[Date "2025.06.10"]
[Round "4"]
[White "Shafer, Logan C"]
[Black "Chueca Forcen, Alberto"]
[Result "1-0"]
[WhiteTitle "CM"]
[BlackTitle "IM"]
[WhiteElo "2217"]
[BlackElo "2292"]
[WhiteFideId "30993342"]
[BlackFideId "2269902"]
[EventDate "2025.06.10"]

1. Nf3 Nf6 2. c4 c6 3. d4 d5 4. e3 Bf5 5. Nc3 e6 6. Nh4 Be4 7. f3 Bg6 8. Qb3 Qb6
9. Bd2 Qxb3 10. axb3 a6 11. O-O-O Nbd7 12. Nxg6 hxg6 13. h3 Be7 14. Bd3 O-O-O
15. Kc2 Kb8 16. g4 g5 17. f4 Ne8 18. c5 gxf4 19. exf4 g6 20. Be3 Nc7 21. Bf2 Nb5
22. Nxb5 axb5 23. b4 Bh4 24. Be3 Kc7 25. Ra1 Ra8 26. f5 gxf5 27. Bf4+ e5 28.
dxe5 Rxa1 29. e6+ Kd8 30. Rxa1 Nf8 31. Ra8+ Ke7 32. Bd6+ Kxe6 33. Bxf5+ Kf6 34.
Rxf8 Rxf8 35. Bxf8 Ke5 36. Bc8 Kd4 37. Bxb7 Kc4 38. Bxc6 Kxb4 39. Bxd5 Ka5 40.
Bb7 b4 41. Kd3 Kb5 42. b3 1-0

[Event "Titled Tue 10th Jun Late"]
[Site "chess.com INT"]
[Date "2025.06.10"]
[Round "4"]
[White "Anandh, Vijay Srinivas"]
[Black "Pica, Eleni"]
[Result "1-0"]
[BlackTitle "WCM"]
[WhiteElo "2011"]
[BlackElo "1686"]
[WhiteFideId "30975794"]
[BlackFideId "5910005"]
[EventDate "2025.06.10"]

1. e4 c5 2. d4 cxd4 3. Qxd4 Nc6 4. Qd3 d6 5. Nc3 Nf6 6. Nf3 g6 7. Be2 Bg7 8. O-O
O-O 9. Nd5 Nxd5 10. exd5 Ne5 11. Nxe5 Bxe5 12. c3 Bf5 13. Qd1 Qb6 14. a4 a5 15.
Bb5 Rac8 16. Be3 Qd8 17. Qb3 Bd7 18. Bxd7 Qxd7 19. Qb5 Qxb5 20. axb5 Ra8 21. Ra4
e6 22. dxe6 fxe6 23. Rfa1 Rf5 24. Rxa5 Raf8 25. Ra8 Rh5 26. Rxf8+ Kxf8 27. g3
Rf5 28. Ra8+ Kg7 29. Rc8 Rf7 30. b6 d5 31. Kf1 Bd6 32. Ke2 h6 33. Kd3 g5 34. b3
g4 35. c4 dxc4+ 36. bxc4 h5 37. c5 Be7 38. Rc7 1-0

[Event "Titled Tue 10th Jun Late"]
[Site "chess.com INT"]
[Date "2025.06.10"]
[Round "4"]
[White "Carlsen, Magnus"]
[Black "Materia, Marco"]
[Result "1-0"]
[WhiteTitle "GM"]
[BlackTitle "IM"]
[WhiteElo "2837"]
[BlackElo "2489"]
[WhiteFideId "1503014"]
[BlackFideId "45150451"]
[EventDate "2025.06.10"]

1. c4 Nf6 2. Nc3 c5 3. Nf3 Nc6 4. d4 cxd4 5. Nxd4 d6 6. e4 Bd7 7. Nc2 g6 8. Be2
Bg7 9. O-O O-O 10. Be3 Rc8 11. Rc1 a6 12. h3 Ne5 13. b3 Bc6 14. f4 Ned7 15. Bf3
Qa5 16. Nd4 Nc5 17. Qd2 Rfe8 18. Rfd1 Nfd7 19. Rc2 h5 20. Rb1 Qb4 21. a3 Qxa3
22. b4 Bxd4 23. Bxd4 Nb3 24. Rxb3 Qxb3 25. Rb2 Qxc4 26. Be2 Qe6 27. f5 gxf5 28.
exf5 Qxf5 29. Bd3 Qe6 30. Qg5+ Kf8 31. Qg7# 1-0

[Event "Titled Tue 10th Jun Late"]
[Site "chess.com INT"]
[Date "2025.06.10"]
[Round "4"]
[White "Srihari, L R"]
[Black "Sliwicka, Alicja"]
[Result "1-0"]
[WhiteTitle "IM"]
[BlackTitle "WGM"]
[WhiteElo "2480"]
[BlackElo "2299"]
[WhiteFideId "46617116"]
[BlackFideId "1150677"]
[EventDate "2025.06.10"]

1. e4 c5 2. Nf3 d6 3. c3 Nf6 4. h3 e5 5. Bd3 Nc6 6. O-O Be7 7. Bc2 O-O 8. d4
cxd4 9. cxd4 Nb4 10. Nc3 Nxc2 11. Qxc2 exd4 12. Nxd4 Bd7 13. Be3 Rc8 14. Qe2 a6
15. Rac1 Qa5 16. a3 b5 17. Nd5 Nxd5 18. exd5 Bf6 19. Nc6 Bxc6 20. Rxc6 b4 21.
Rxa6 Qxd5 22. axb4 Rb8 23. Rd1 Qb3 24. Raxd6 Qxb4 25. Rxf6 gxf6 26. Rd4 Qxb2 27.
Rg4+ Kh8 28. Bd4 Qb1+ 29. Kh2 Qf5 30. Qe7 h5 31. Bxf6+ Kh7 32. Rg7+ Kh6 33. Qe3+ 1-0

[Event "Titled Tue 10th Jun Late"]
[Site "chess.com INT"]
[Date "2025.06.10"]
[Round "4"]
[White "Thiel, Thomas"]
[Black "Lacasa Diaz, Josep Anton"]
[Result "1/2-1/2"]
[WhiteTitle "FM"]
[BlackTitle "IM"]
[WhiteElo "2170"]
[BlackElo "2315"]
[WhiteFideId "4615964"]
[BlackFideId "2203375"]
[EventDate "2025.06.10"]

1. e4 c5 2. Nc3 g6 3. d4 cxd4 4. Qxd4 Nf6 5. Be3 Nc6 6. Qd2 Bg7 7. f3 d6 8. Bh6
O-O 9. O-O-O Qa5 10. Bxg7 Kxg7 11. Bc4 Bd7 12. Kb1 Rfc8 13. Bb3 Ne5 14. Nge2 Nc4
15. Bxc4 Rxc4 16. h4 Rac8 17. h5 b5 18. hxg6 fxg6 19. Nd5 Qxd2 20. Rxd2 Nxd5 21.
exd5 Bf5 22. Rc1 a5 23. b3 R4c5 24. Kb2 b4 25. c4 bxc3+ 26. Rxc3 h5 27. Rxc5
Rxc5 28. a3 h4 29. b4 axb4 30. axb4 Rc8 31. Nd4 Kf6 32. b5 Rc5 33. b6 Bc8 34.
Rc2 Bb7 35. Rxc5 dxc5 36. Nc6 e6 37. Nd8 Bxd5 38. b7 Bxb7 39. Nxb7 Kf5 40. Nxc5
Kf4 41. Nxe6+ Kg3 42. Ng5 Kxg2 43. Kc3 h3 44. Nxh3 Kxh3 45. Kd3 Kg3 46. Ke4 g5
47. Kf5 Kxf3 48. Kxg5 1/2-1/2

[Event "Titled Tue 10th Jun Late"]
[Site "chess.com INT"]
[Date "2025.06.10"]
[Round "4"]
[White "Garcia, Angie"]
[Black "Buchenau, Frank"]
[Result "0-1"]
[WhiteTitle "WIM"]
[BlackTitle "FM"]
[WhiteElo "1996"]
[BlackElo "2205"]
[WhiteFideId "6702503"]
[BlackFideId "4604350"]
[EventDate "2025.06.10"]

1. e4 e6 2. d4 d5 3. Nd2 Nf6 4. e5 Nfd7 5. Bd3 c5 6. c3 b6 7. Ne2 Ba6 8. Bc2 Nc6
9. Nf3 cxd4 10. cxd4 Bb4+ 11. Bd2 Qe7 12. a3 Bxd2+ 13. Qxd2 Na5 14. O-O Nc4 15.
Qd3 Nb8 16. Ba4+ b5 17. Bc2 Nb6 18. Qc3 b4 19. axb4 Bxe2 20. Rfe1 Bxf3 21. Qxf3
Nc6 22. b5 Nxd4 23. Qc3 Nxc2 24. Qc6+ Qd7 25. Qxc2 O-O 26. Re3 Rfc8 27. Qd3 Qc7
28. h4 Qc2 29. Qd4 Rc4 0-1

[Event "Titled Tue 10th Jun Late"]
[Site "chess.com INT"]
[Date "2025.06.10"]
[Round "4"]
[White "Demirtas, Alper"]
[Black "Vasquez Schroeder, Rodrigo"]
[Result "0-1"]
[WhiteTitle "CM"]
[BlackTitle "GM"]
[WhiteElo "2205"]
[BlackElo "2446"]
[WhiteFideId "44576781"]
[BlackFideId "3400042"]
[EventDate "2025.06.10"]

1. Nf3 c5 2. c4 Nf6 3. Nc3 e6 4. d4 cxd4 5. Nxd4 Bb4 6. Nb5 d5 7. a3 Bxc3+ 8.
Nxc3 d4 9. Nb5 Nc6 10. e3 e5 11. exd4 exd4 12. c5 O-O 13. Be2 Qe7 14. b4 Bg4 15.
f3 Bh5 16. O-O Rad8 17. Bd3 Bg6 18. Re1 Qd7 19. Bf4 Nd5 20. Bd6 Rfe8 21. Rxe8+
Rxe8 22. Bxg6 hxg6 23. Nxd4 Nc3 24. Qd3 Nxd4 25. Kh1 Nce2 26. Re1 b6 27. h3 bxc5
28. bxc5 Re6 29. Kh2 Rxd6 30. cxd6 Qxd6+ 31. Kh1 Ng3+ 32. Kg1 Nde2+ 33. Qxe2
Nxe2+ 34. Rxe2 Qxa3 0-1

[Event "Titled Tue 10th Jun Late"]
[Site "chess.com INT"]
[Date "2025.06.10"]
[Round "4"]
[White "Ferreira, Vitor Hugo Vieira"]
[Black "Davtyan, Artur"]
[Result "0-1"]
[BlackTitle "IM"]
[WhiteElo "2128"]
[BlackElo "2472"]
[WhiteFideId "2119765"]
[BlackFideId "13308327"]
[EventDate "2025.06.10"]

1. e4 e5 2. Nf3 Nc6 3. d4 exd4 4. Nxd4 Qf6 5. Nb3 Qg6 6. Nc3 Bb4 7. Qe2 Nf6 8.
e5 Ne4 9. Bd2 Nxd2 10. Qxd2 O-O 11. f4 d6 12. exd6 Re8+ 13. Be2 Qxg2 14. O-O-O
Bxd6 15. Rhg1 Qxh2 16. Kb1 Qxf4 17. Qd3 Bf5 18. Qb5 Bg6 19. Bd3 Bxd3 20. Qxd3
Ne5 21. Qh3 Qf3 22. Rg3 Qf6 23. Ne4 Qe6 24. Qg2 Ng6 25. Ng5 Qe2 26. Qh1 Qxd1+
27. Qxd1 Bxg3 28. Qh5 Re1+ 29. Nc1 Bf4 30. Qxh7+ Kf8 31. Ne6+ fxe6 32. a3 Rxc1+
33. Ka2 Kf7 34. Kb3 Rh8 0-1

[Event "Titled Tue 10th Jun Late"]
[Site "chess.com INT"]
[Date "2025.06.10"]
[Round "4"]
[White "Lavorgna, Giovanni"]
[Black "Fadi, Marko"]
[Result "0-1"]
[WhiteTitle "CM"]
[BlackTitle "FM"]
[WhiteElo "1902"]
[BlackElo "2298"]
[WhiteFideId "11800100"]
[BlackFideId "10605371"]
[EventDate "2025.06.10"]

1. d4 Nf6 2. c4 e6 3. Nf3 d5 4. g3 Be7 5. Bg2 O-O 6. O-O c6 7. Nc3 Nbd7 8. Qd3
b6 9. e4 Ba6 10. b3 dxe4 11. Nxe4 c5 12. Bf4 Bb7 13. Nd6 Bc6 14. Rfe1 cxd4 15.
Qxd4 Bxf3 16. Bxf3 e5 17. Bxe5 Nxe5 18. Bxa8 Bxd6 19. Bg2 Qc7 20. Rad1 Ne8 21.
Qh4 Nf6 22. Qg5 h6 23. Qf5 Re8 24. h4 Bc5 25. Re2 Re6 26. Rde1 Neg4 27. Rxe6
Bxf2+ 28. Kf1 fxe6 29. Qxe6+ Kh8 30. Rd1 Ne3+ 31. Kxf2 Nxd1+ 32. Ke1 Qxg3+ 33.
Kxd1 Qxg2 0-1

[Event "Titled Tue 10th Jun Late"]
[Site "chess.com INT"]
[Date "2025.06.10"]
[Round "4"]
[White "Martin Fuentes, Alberto"]
[Black "Zlatin, Alexander"]
[Result "0-1"]
[WhiteTitle "FM"]
[BlackTitle "FM"]
[WhiteElo "2376"]
[BlackElo "2313"]
[WhiteFideId "2292289"]
[BlackFideId "2810549"]
[EventDate "2025.06.10"]

1. e4 e6 2. d4 d5 3. Nc3 dxe4 4. Nxe4 Nf6 5. Bd3 Nbd7 6. Qe2 Nxe4 7. Bxe4 Nf6 8.
Bxb7 Bxb7 9. Qb5+ Qd7 10. Qxb7 Rd8 11. c3 e5 12. Nf3 exd4 13. cxd4 c5 14. Qxd7+
Rxd7 15. dxc5 Bxc5 16. Be3 Bxe3 17. fxe3 O-O 18. Ke2 Re8 19. Rhd1 Rde7 20. Rd3
Ng4 21. h3 Nxe3 22. Kf2 Nc2 23. Rad1 Re2+ 24. Kg3 Ne3 25. Rg1 h6 26. Ra3 Re6 27.
Nh4 Rxb2 28. Rxa7 g5 29. Nf3 Nf5+ 30. Kg4 Rb4+ 31. Kxf5 Rf4# 0-1

[Event "Titled Tue 10th Jun Late"]
[Site "chess.com INT"]
[Date "2025.06.10"]
[Round "4"]
[White "Dubnevych, Maksym"]
[Black "Aditya, Varun Gampa"]
[Result "0-1"]
[WhiteTitle "FM"]
[BlackTitle "FM"]
[WhiteElo "2296"]
[BlackElo "2186"]
[WhiteFideId "14184001"]
[BlackFideId "45066183"]
[EventDate "2025.06.10"]

1. Nc3 a6 2. e4 c5 3. d4 cxd4 4. Qxd4 Nc6 5. Qe3 g6 6. h4 Nf6 7. Be2 h5 8. e5
Ng4 9. Bxg4 hxg4 10. Qg3 Bg7 11. Bf4 b5 12. Nge2 b4 13. Nd5 Qa5 14. Ne3 Nxe5 15.
O-O d6 16. a3 bxa3 17. Rxa3 Qd8 18. Rd1 Be6 19. Nd4 Qd7 20. Nxe6 Qxe6 21. Nd5
Rc8 22. Rxa6 O-O 23. c3 Rfe8 24. Ra7 Rb8 25. Nc7 Qb3 26. Rd2 Red8 27. Nd5 e6 28.
Ne7+ Kf8 29. Bxe5 Bxe5 30. Qxg4 Rb7 31. Rxb7 Qxb7 32. Nxg6+ fxg6 33. Qxe6 Qf7
34. Qg4 Ra8 35. Rd1 Ra2 36. Qe2 Bxc3 37. g3 Be5 38. Qe3 Rxb2 0-1

[Event "Titled Tue 10th Jun Late"]
[Site "chess.com INT"]
[Date "2025.06.10"]
[Round "4"]
[White "Boci, Mateu"]
[Black "Sheehan, Ethan"]
[Result "0-1"]
[WhiteTitle "FM"]
[WhiteElo "2274"]
[BlackElo "2364"]
[WhiteFideId "4704665"]
[BlackFideId "30943965"]
[EventDate "2025.06.10"]

1. e4 c5 2. Nf3 d6 3. d4 cxd4 4. Nxd4 Nf6 5. f3 g6 6. c4 Bg7 7. Nc3 O-O 8. Be3
Nc6 9. Be2 Nxd4 10. Bxd4 Be6 11. O-O a6 12. b3 Qa5 13. a4 Nd7 14. Bxg7 Kxg7 15.
Rc1 Kg8 16. f4 f6 17. Bg4 Bxg4 18. Qxg4 Nc5 19. f5 Kf7 20. fxg6+ hxg6 21. Nd5
Nxb3 22. Rc3 Nc5 23. Rg3 Rg8 24. h4 Qxa4 25. h5 g5 26. Qf5 Qd7 27. Qf3 Qe6 28.
Re1 Qe5 29. Qg4 e6 30. Nb6 Raf8 31. h6 Rg6 32. Rh3 Rh8 33. h7 Kg7 34. Qh5 Qd4+
35. Kh2 Nd3 36. Rd1 Qe5+ 37. g3 Nf2 38. Rd2 Nxh3 39. c5 Rxh7 40. Qd1 Nf2+ 41.
Qh5 Rxh5+ 0-1

[Event "Titled Tue 10th Jun Late"]
[Site "chess.com INT"]
[Date "2025.06.10"]
[Round "4"]
[White "Pajcin, Lav"]
[Black "Matinian, Nikita"]
[Result "1-0"]
[WhiteTitle "FM"]
[BlackTitle "GM"]
[WhiteElo "2281"]
[BlackElo "2421"]
[WhiteFideId "966746"]
[BlackFideId "24129100"]
[EventDate "2025.06.10"]

1. d4 Nf6 2. c4 e6 3. Nc3 Bb4 4. Qc2 b6 5. e4 Bb7 6. Bd3 Nc6 7. Nf3 d5 8. cxd5
exd5 9. e5 Ne4 10. O-O Nxc3 11. bxc3 Be7 12. Bxh7 Bc8 13. Bd3 Na5 14. Nd2 Qd7
15. f4 Qg4 16. f5 Bd7 17. Nf3 O-O-O 18. e6 fxe6 19. Ne5 Qh5 20. fxe6 Bxe6 21. g3
Bh3 22. Bg6 Qxe5 23. dxe5 Bc5+ 24. Kh1 Bxf1 25. Qf5+ Kb8 26. Qxf1 Rdf8 27. Bf4
Nc4 28. Qd3 c6 29. e6+ Kb7 30. Re1 Bf2 31. Re2 Bc5 32. e7 1-0

[Event "Titled Tue 10th Jun Late"]
[Site "chess.com INT"]
[Date "2025.06.10"]
[Round "4"]
[White "Banerjee, Supratit"]
[Black "Rosenberg, Evan S"]
[Result "1-0"]
[WhiteTitle "FM"]
[WhiteElo "2311"]
[BlackElo "1989"]
[WhiteFideId "2410079"]
[BlackFideId "2019299"]
[EventDate "2025.06.10"]

1. e4 e5 2. Nf3 Nf6 3. Nc3 Bb4 4. Nxe5 O-O 5. Be2 Bxc3 6. dxc3 Nxe4 7. O-O d6 8.
Nf3 h6 9. Bd3 Re8 10. Re1 Nf6 11. h3 Nc6 12. Be3 Be6 13. Qd2 Ne5 14. Nxe5 dxe5
15. Bxh6 gxh6 16. Qxh6 e4 17. Bxe4 Nxe4 18. Rxe4 Bf5 19. Rh4 f6 20. Rf4 Qd5 21.
Qxf6 Re5 22. Qg5+ Kf7 23. c4 Qc5 24. b4 1-0

[Event "Titled Tue 10th Jun Late"]
[Site "chess.com INT"]
[Date "2025.06.10"]
[Round "4"]
[White "Fernandez Siles, Luis"]
[Black "Sapocinic, Semion"]
[Result "0-1"]
[WhiteTitle "FM"]
[BlackTitle "FM"]
[WhiteElo "2170"]
[BlackElo "2296"]
[WhiteFideId "2209420"]
[BlackFideId "13908693"]
[EventDate "2025.06.10"]

1. d4 Nf6 2. c4 e6 3. Nf3 d5 4. Nc3 c6 5. Bg5 h6 6. Bh4 dxc4 7. e4 b5 8. e5 g5
9. Bg3 Nd5 10. Nd2 Bb4 11. Nde4 Bb7 12. Be2 Nd7 13. Bh5 Qe7 14. O-O O-O-O 15. a3
Bxc3 16. bxc3 f5 17. exf6 N7xf6 18. Nd6+ Rxd6 19. Bxd6 Qxd6 20. a4 Nxc3 21. Qf3
Qf4 22. Qxc3 Nxh5 23. axb5 cxb5 24. Rxa7 Rf8 25. Qa5 Qe4 26. f3 Qxd4+ 27. Kh1 g4
28. Rxb7 Kxb7 29. Qxb5+ Kc7 30. Qxh5 gxf3 31. gxf3 Qd3 32. Rf2 Qb1+ 33. Kg2 Rg8+
34. Kh3 Kc6 35. Qxh6 Qf5+ 36. Kh4 c3 37. Re2 Rg6 38. Qh8 Qf4+ 39. Kh3 Qxf3+ 40.
Kh4 Qg4# 0-1

[Event "Titled Tue 10th Jun Late"]
[Site "chess.com INT"]
[Date "2025.06.10"]
[Round "4"]
[White "Vlassov, Nikolai"]
[Black "Sargsyan, Shant"]
[Result "1-0"]
[WhiteTitle "IM"]
[BlackTitle "GM"]
[WhiteElo "2291"]
[BlackElo "2669"]
[WhiteFideId "4103360"]
[BlackFideId "13306766"]
[EventDate "2025.06.10"]

1. e4 g6 2. d4 Nf6 3. Nc3 d5 4. e5 Ne4 5. Nxe4 dxe4 6. Be3 Bg7 7. Ne2 c5 8. c3
Nc6 9. Ng3 cxd4 10. cxd4 Qa5+ 11. Qd2 Qxd2+ 12. Kxd2 O-O 13. Nxe4 Rd8 14. f4 Bf5
15. Ng3 Be6 16. Be2 Nxd4 17. Bxd4 Rxd4+ 18. Ke3 Rb4 19. b3 Bh6 20. Rhf1 f5 21.
h4 a5 22. Rac1 a4 23. Bc4 Kf7 24. Bxe6+ Kxe6 25. Rc4 Rb6 26. bxa4 Rb2 27. Rf2
Rb1 28. Ne2 Bf8 29. Nd4+ Kd5 30. Rfc2 e6 31. Nb5 Rxb5 32. Rd4# 1-0

[Event "Titled Tue 10th Jun Late"]
[Site "chess.com INT"]
[Date "2025.06.10"]
[Round "4"]
[White "Sanal, Vahap"]
[Black "Ambartsumova, Karina"]
[Result "1-0"]
[WhiteTitle "GM"]
[BlackTitle "IM"]
[WhiteElo "2564"]
[BlackElo "2403"]
[WhiteFideId "6300545"]
[BlackFideId "4166299"]
[EventDate "2025.06.10"]

1. e4 c5 2. Nf3 a6 3. c3 d5 4. exd5 Qxd5 5. d4 Bg4 6. Be2 e6 7. O-O Nd7 8. Be3
Ngf6 9. c4 Qd6 10. h3 Bh5 11. Nc3 cxd4 12. Nxd4 Bxe2 13. Qxe2 Be7 14. Rad1 Qc7
15. Qf3 O-O 16. Bf4 e5 17. Nf5 Rfe8 18. Nxe7+ Rxe7 19. Bg5 e4 20. Qe2 Ree8 21.
Nd5 Nxd5 22. Rxd5 Nb6 23. Rd4 Qe5 24. Be3 Na4 25. b3 Nb6 26. Rfd1 Rac8 27. Qg4
h5 28. Qh4 Rc6 29. Rd8 Rxd8 30. Qxd8+ Kh7 31. Bxb6 Rg6 32. Rd5 Qa1+ 33. Kh2 Rh6
34. Be3 1-0